banner koha

Efeito de inseticidas no controle de Plutella Maculipennis (Curtis, 1839)(Lep., Plutellidae)em colza [Brassica napus, Rio Grande do Sul, Brasil] (Registro n. 316571)

MARC details
000 -LÍDER
campo de controle de tamanho fixo 01642naa a22003617a 4500
001 - NÚMERO DE CONTROLE
campo de controle BR8400607
003 - IDENTIFICADOR DO NÚMERO DE CONTROLE
campo de controle BR-BrBNA
005 - DATA E HORÁRIO DA ÚLTIMA TRANSAÇÃO
campo de controle 20240918175417.0
007 - CAMPO FIXO DE DESCRIÇÃO FÍSICA--INFORMAÇÃO GERAL
campo de controle de tamanho fixo ta
008 - CAMPO DE DADOS FIXOS--INFORMAÇÃO GERAL
campo de controle de tamanho fixo 230509b bl.||||| |||| 00| 0 por d
040 ## - FONTE DA CATALOGAÇÃO
Instituição da catalogação original BR-BrBNA
Idioma da catalogação por
Instituição que transcreveu o registro Biblioteca Nacional de Agricultura
041 ## - CÓDIGO DE IDIOMA
Código do idioma do texto/trilha sonora ou título diferente (Pt)
072 ## - CÓDIGO DE CATEGORIA DE ASSUNTO
Código de Categoria de Assunto H10
Código do objeto 0334
-- 3877
-- 4020
-- G514
090 ## - NÚMERO DE CHAMADA LOCAL
Número de chamada H10 BR8400607
100 1# - ENTRADA PRINCIPAL--NOME PESSOAL
Nome pessoal Chouene, E.C.
100 1# - ENTRADA PRINCIPAL--NOME PESSOAL
Nome pessoal Barreto, B.A.
100 1# - ENTRADA PRINCIPAL--NOME PESSOAL
Nome pessoal Caetano, W.
100 1# - ENTRADA PRINCIPAL--NOME PESSOAL
Nome pessoal Medeiros, M.R. de A.
111 1# - ENTRADA PRINCIPAL--NOME DO EVENTO
Nome do evento ou lugar 1. Reuniao Tecnica Anual de Culturas Energeticas do IPAGRO
Local do evento Porto Alegre, RS (Brazil)
Data do evento ou assinatura do tratado 26 Apr 1983
245 1# - TÍTULO
Título Efeito de inseticidas no controle de Plutella Maculipennis (Curtis, 1839)(Lep., Plutellidae)em colza [Brassica napus, Rio Grande do Sul, Brasil]
246 1# - FORMA VARIANTE DO TÍTULO
Título/título abreviado [Insecticide effect on the control of Plutella maculipennis (Curtis, 1839)(Lep., Plutellidae)in rape [Brassica napus, Rio Grande do Sul, Brazil]]
246 1# - FORMA VARIANTE DO TÍTULO
Título/título abreviado [Energetic crops (sunflower, rape, cassava, saccharine sorghum, sugar beetroot)]
Restante do título Experimental results 1982/83
260 3# - PUBLICAÇÃO, DISTRIBUIÇÃO, ETC.
Local de publicação, distribuição, etc. Porto Alegre, RS (Brasil):
Data da publicação, distribuição, etc. 1983.
500 ## - NOTA GERAL
Nota geral Culturas energeticas (girassol, colza, mandioca, sorgo sacarino, beterraba acucareira)<br/>Porto Alegre, RS (Brasil): 1983. p. 133-135<br/>(BR8400607-AM)H10<br/>
650 ## - ASSUNTO--TERMO TÓPICO
Cabeçalho tópico ou nome geográfico LEPIDOPTERO
650 ## - ASSUNTO--TERMO TÓPICO
Cabeçalho tópico ou nome geográfico INSETICIDA
650 ## - ASSUNTO--TERMO TÓPICO
Cabeçalho tópico ou nome geográfico COLZA
650 ## - ASSUNTO--TERMO TÓPICO
Cabeçalho tópico ou nome geográfico CONTROLE QUIMICO
650 ## - ASSUNTO--TERMO TÓPICO
Cabeçalho tópico ou nome geográfico RIO GRANDE DO SUL
773 0# - ENTRADA ANALÍTICA
Título Culturas energeticas (girassol, colza, mandioca, sorgo sacarino, beterraba acucareira)
Edição
Número de controle do registro H10 BR8400607
Partes relacionadas Porto Alegre, RS (Brasil), 1983. p. 133-135
909 ## -
-- 202404
-- Lucia
-- 55
-- Lucia Elande
942 ## - ELEMENTOS DE ENTRADA ADICIONADOS (KOHA)
Tipo de material Koha Capítulo-Livro
Fonte da classificação ou esquema de arquivamento na estante Classificação AGRIS
Exemplares
Situação do descarte Fonte da classificação ou esquema de arquivamento na estante Situação física Não pode ser emprestado Coleção Biblioteca de origem Biblioteca atual Localização na estante Total de empréstimos Número de telefone completo Data de último acesso Número do exemplar Tipo de material Koha Situação das perdas Data de aquisição Fonte de aquisição
  Classificação AGRIS       Biblioteca Nacional de Agricultura - Binagri Biblioteca Nacional de Agricultura - Binagri Agrobase - Acervo Geral   0337 BR8400587 20/05/2024 01 Capítulo-Livro   2024-04-11 Portaria Interministerial nº 164/94

BINAGRI

Telefone: (61)3218-2567/2388/3357/2097 - binagri@agro.gov.br

Ministério da Agricultura e Pecuária , Esplanada dos Ministérios, Bloco D, Anexo B, Brasília/DF, CEP: 70.043-900